| 000 | 00861cam a2200289 a 4500 | ||
|---|---|---|---|
| 001 | 59177 | ||
| 003 | CO-BoRNBP | ||
| 005 | 20250917154102.0 | ||
| 007 | ta | ||
| 008 | 030825s2003 ck a b 00 j spa d | ||
| 020 | _a9583011126 (colección) | ||
| 020 | _a9583011134 (volumen) | ||
| 040 |
_aCO-BoBN _bspa _cCO-BoBN |
||
| 082 | 0 | 4 |
_aB869.35 _223 |
| 100 | 1 |
_aSavaget, Luciana _92374 |
|
| 245 | 1 | 0 |
_a1, 2, 3-- y ya / _cLuciana Savaget ; ilustraciones, Patricia Acosta |
| 246 | _aUno, dos, tres ... y ya | ||
| 250 | _a1a. ed. | ||
| 300 |
_a30 p. : _bil. ; _c23 cm |
||
| 336 |
_2rdacontent _atexto _btxt |
||
| 337 |
_2rdamedia _asin mediación _bn |
||
| 338 |
_2rdacarrier _avolumen _bnc |
||
| 490 | 0 | _aSueños de papel | |
| 650 | 1 | 4 |
_aCuentos infantiles brasileños _ySiglo XXI _2LEMB _961034 |
| 700 | 1 |
_aAcosta, Patricia, _eilustrador _9373 |
|
| 942 |
_2ddc _cBK |
||
| 999 |
_c59177 _d59177 |
||